000 00307nam a2200109Ia 4500
008 190216s9999||||xx |||||||||||||| ||und||
100 _aArthur I Vogel
245 0 _aElementary Practical Organic Chemistry Part Iii Quantitative Organic Analysis
260 _bCbs Publishers
650 _aChemistry
942 _cBK
999 _c2629
_d2629